| 000 | 00766nam a22002177a 4500 | ||
|---|---|---|---|
| 003 | OSt | ||
| 005 | 20260317030849.0 | ||
| 008 | 260317b |||||||| |||| 00| 0 eng d | ||
| 020 | _a1-84557-288-2 | ||
| 040 |
_aDWCL GS lib _cOC |
||
| 082 | _aS847t 2005 | ||
| 100 | _aStevenson, Robert Louis | ||
| 245 |
_aTreasure island: level 3 _cRobert Louis Stevenson |
||
| 260 |
_aNew Delhi _bRising Sun _c2005 |
||
| 300 |
_a80 p _c21 cm |
||
| 520 | _a a terrified Billy Bones struggles with alcohol withdrawal and hallucinations after a visit from Black Dog. | ||
| 650 | _afocuses on the deteriorating condition of the captain | ||
| 650 | _athe destructive nature of greed, the importance of personal integrity | ||
| 700 | _aRobert Louis Stevenson | ||
| 942 |
_2ddc _cFIC. _n0 |
||
| 999 |
_c9204 _d9204 |
||